000 00369nam a2200157Ia 4500
008 210716s2008 xx 000 0 und d
020 _a9788189781675
041 _aeng
082 _a574.192 DASD
100 _aDas, Debajyoti.
245 _aBiochemistry.
250 _a13
260 _aKolkata
_bAcademic Press
_c2008
300 _axii,879
650 _aBiochemistry
999 _c189023
_d189023